000 00632cam a22001815a 4500
001 L156174
008 120502s1822 xxk f 000 0 eng d
035 _a(Sirsi) u156174
041 0 _aeng
100 1 _aParton, John
_dd. 1821
245 0 0 _aSome account of the hospital and parish of St. Giles in the Fields, Middlesex
260 _aLondon
_bPrinted by Luke Hansard and Sons, ...
_c1822
300 _axi, [1] 427, [1] p., [12] leaves of plates (2 folded)
_bill., plans
_c35 cm.
583 0 _aCondition reviewed
_c20120620
_lcondition level 4, detached boards
651 4 _aLondon
690 _aInfrastructure
_96246
942 _n0
999 _c114077
_d114077